[Event "ITA-ch U20"]
[Site "Tarvisio"]
[Date "2023.07.07"]
[Round "7"]
[White "Disanti, Nicola"]
[Black "Brattico, Emil Gaetano"]
[Result "1/2-1/2"]
[WhiteElo "1773"]
[BlackElo "1544"]
[PlyCount "40"]
[EventDate "2023.07.02"]
[EventType "swiss"]
[EventRounds "9"]
[EventCountry "ITA"]
[SourceTitle "EXT 2024"]
[Source "ChessBase"]
[SourceDate "2023.10.10"]
[SourceVersion "1"]
[SourceVersionDate "2023.10.10"]
[SourceQuality "1"]

1. e4 c6 2. d4 d5 3. exd5 cxd5 4. Bd3 Nc6 5. Ne2 Bg4 6. c3 Qc7 7. 0-0 e6 8. Nd2 Nf6 9. Qa4 Bf3 10. Nxf3 Bd6 11. Re1 0-0 12. Bg5 Nd7 13. Qc2 h6 14. Bh4 Rac8 15. Bg3 Bxg3 16. hxg3 a6 17. Qd2 Na5 18. g4 Qd8 19. Bc2 Qf6 20. Qd3 g6 1/2-1/2

[Event "ITA-ch U20"]
[Site "Tarvisio"]
[Date "2023.07.06"]
[Round "5"]
[White "Serloni, Ludovico"]
[Black "Brattico, Emil Gaetano"]
[Result "1-0"]
[WhiteElo "2027"]
[BlackElo "1544"]
[PlyCount "103"]
[EventDate "2023.07.02"]
[EventType "swiss"]
[EventRounds "9"]
[EventCountry "ITA"]
[SourceTitle "EXT 2024"]
[Source "ChessBase"]
[SourceDate "2023.10.10"]
[SourceVersion "1"]
[SourceVersionDate "2023.10.10"]
[SourceQuality "1"]

1. d4 Nf6 2. Bf4 d5 3. e3 c5 4. Nc3 a6 5. Nf3 Nc6 6. Be2 Nh5 7. Be5 cxd4 8. exd4 Nxe5 9. Nxe5 Nf6 10. 0-0 Bf5 11. Bd3 Bxd3 12. Qxd3 e6 13. f4 Bd6 14. Rf3 b5 15. Re1 Qc7 16. a3 Rc8 17. h3 0-0 18. f5 Bxe5 19. Rxe5 Nd7 20. Re1 Rfe8 21. Rfe3 Nf8 22. R3e2 Qd7 23. Qf3 Red8 24. f6 Ng6 25. fxg7 Kxg7 26. Nd1 Qd6 27. g3 b4 28. axb4 Qxb4 29. c3 Qe7 30. Nf2 Qf6 31. Qe3 Kh8 32. Ng4 Qg7 33. Kh2 Rd7 34. Qd3 Ra7 35. Ra1 Rc6 36. Ra5 f5 37. Ne5 Nxe5 38. Rxe5 Qc7 39. Ra1 Rb6 40. Re2 Qb8 41. b4 Rg7 42. Re5 Qc8 43. Ra5 Rc7 44. Rc5 Rbc6 45. Qe3 Qg8 46. Qe2 Qc8 47. Qh5 Qg8 48. Qh6 Rxc5 49. dxc5 Rc6 50. Rxf5 exf5 51. Qxc6 d4 52. Qf6+ 1-0

[Event "ITA-ch U20"]
[Site "Tarvisio"]
[Date "2023.07.05"]
[Round "4"]
[White "Brattico, Emil Gaetano"]
[Black "Seccia, Alessandro"]
[Result "1-0"]
[WhiteElo "1544"]
[BlackElo "1843"]
[PlyCount "89"]
[EventDate "2023.07.02"]
[EventType "swiss"]
[EventRounds "9"]
[EventCountry "ITA"]
[SourceTitle "EXT 2024"]
[Source "ChessBase"]
[SourceDate "2023.10.10"]
[SourceVersion "1"]
[SourceVersionDate "2023.10.10"]
[SourceQuality "1"]

1. e4 c5 2. Nf3 e6 3. c3 d5 4. exd5 Qxd5 5. d4 Nf6 6. Na3 cxd4 7. Nb5 Na6 8. Qxd4 Bc5 9. Qxd5 Nxd5 10. Nbd4 0-0 11. Bxa6 bxa6 12. 0-0 Bb7 13. Re1 Rac8 14. Bd2 Rfe8 15. Rac1 a5 16. Re5 Bd6 17. Ree1 Ba6 18. Nb3 a4 19. Nbd4 Rc7 20. Nf5 Bf8 21. N5d4 Rb8 22. b3 Ba3 23. c4 Bxc1 24. Rxc1 Rbc8 25. Ne5 Nf6 26. Bf4 Nd7 27. Nd3 Rb7 28. Re1 Nc5 29. Nxc5 Rxc5 30. Bd6 Rc8 31. c5 axb3 32. axb3 Rb4 33. Rd1 e5 34. Nf5 Rd8 35. Ne7+ Kh8 36. Nc6 Rxb3 37. Nxd8 f6 38. c6 Rc3 39. c7 Bc8 40. Kf1 a5 41. Rb1 Ba6+ 42. Ke1 a4 43. Rb8 Kg8 44. Ra8 a3 45. Rxa6 1-0